000 00550nam a2200193Ia 4500
003 GCL
008 140319s9999 xx 000 0 ara d
040 _aGCL /
_cGCL
082 0 4 _a273.2
_bن ا
100 1 _aنبيل جبور
245 1 0 _aاتباع المسيح هل هو تعجيز /
_cنبيل جبور
260 _a[S.N] :
_bدار الثقافة العربية ،
_c1993
300 _a141 ص
490 _a
650 0 4 _aالمسيح
650 0 4 _aالمسيح - تعليم
650 0 4 _aالمسيحية ثقافة
942 _2ddc
_cBK
999 _c52907
_d52907